Cycles and rays
Guardat en:
| Autors principals: | , , |
|---|---|
| Autor corporatiu: | |
| Format: | Llibre |
| Idioma: | anglès |
| Publicat: |
Dordrecht
Kluwer Academic
1990
|
| Col·lecció: | NATO ASI Series. Serie C, Mathematical and Physical Sciences, 301
|
| Matèries: | |
| Etiquetes: |
Afegir etiqueta
Sense etiquetes, Sigues el primer a etiquetar aquest registre!
|
MARC
| LEADER | 00000nam a2200000 a 4500 | ||
|---|---|---|---|
| 001 | UCW1361 | ||
| 003 | CL-VaPUC | ||
| 005 | 20240318110933.0 | ||
| 008 | 920424e19900000ne 1 eng d | ||
| 082 | 0 | 4 | |a 511.5 |b HAH |2 21 |
| 100 | 1 | |a Hahn, Gena |e author |9 616673 | |
| 700 | 1 | |a Sabidussi, Gert |e author |9 616674 | |
| 700 | 1 | |a Woodrow, Robert E |e author |9 616675 | |
| 110 | 2 | |a NATO Advanced Research |e author |9 616676 | |
| 245 | 1 | 0 | |a Cycles and rays |
| 260 | |a Dordrecht |b Kluwer Academic |c 1990 | ||
| 300 | |a 259 p | ||
| 490 | 0 | |a NATO ASI Series. Serie C, Mathematical and Physical Sciences, 301 | |
| 583 | |a last modification |c 20120529 01:05:22 |k Rodrigo Vera | ||
| 650 | 0 | 0 | |a Teoría de grafos |9 269886 |
| 650 | 0 | 0 | |a Congresos |9 257560 |
| 942 | |c BK | ||
| 945 | |d 19920424 00:00:00 | ||
| 546 | |a En Inglés | ||
| 518 | |p Workshop on Cycles and Rays: Basic Structures in Finite and Infinite Graphs, Montreal, Canada, 1987 | ||
| 999 | |c 382061 |d 382059 | ||
| 952 | |0 0 |1 0 |4 0 |6 511_500000000000000_HAH_1990 |7 0 |8 A |9 503553 |a BIBMAT |b BIBMAT |d 2020-01-23 |i 2690489 |o 511.5 HAH 1990 |p 2690489 |r 2025-01-07 |w 2020-01-23 |y BK |k MAT | ||